[Event "Arequipa op 1st"]
[Site "Arequipa"]
[Date "2013.05.30"]
[Round "1"]
[White "Aguilar, Victor"]
[Black "Luque Aguilar, Jacinto"]
[Result "1-0"]
[WhiteElo "2109"]
[BlackElo "1889"]
[PlyCount "65"]
[EventDate "2013.05.25"]
[EventType "swiss"]
[EventRounds "9"]
[EventCountry "PER"]
[SourceTitle "EXT 2014"]
[Source "ChessBase"]
[SourceDate "2013.11.20"]
[SourceVersion "1"]
[SourceVersionDate "2013.11.20"]
[SourceQuality "1"]

1. Nf3 Nf6 2. c4 c5 3. g3 g6 4. Nc3 Bg7 5. Bg2 0-0 6. 0-0 Nc6 7. d4 cxd4 8. Nxd4 Nxd4 9. Qxd4 d6 10. Qh4 Re8 11. Bh6 Bh8 12. Rac1 e6 13. Rfd1 Qa5 14. Bd2 Qb6 15. Na4 Qc7 16. Be3 Nd7 17. Bd4 e5 18. Be3 Nc5 19. Nc3 Be6 20. b4 Nd7 21. Ne4 Red8 22. Rxd6 Re8 23. Rdd1 a5 24. b5 h5 25. Nd6 Reb8 26. c5 Bf6 27. Qa4 Nf8 28. b6 Qe7 29. Nxb7 Rxb7 30. Bxb7 Qxb7 31. c6 Qa6 32. b7 Rd8 33. Rxd8 1-0